10 Najwartościowszych Piłkarzy Powyżej 34 Lat - Statystyki

Ogólne statystyki
  • Ten quiz został rozwiązany 213 razy
  • Średni wynik to 2 z 10
Statystyki odpowiedzi
Wartość Piłkarz % Poprawnych
60 mln Ronaldo
98%
14,5 mln Ramos
37%
12 mln Modrić
33%
14,5 mln Neuer
28%
12 mln Silva
21%
8 mln Godin
7%
11 mln Dzeko
6%
8 mln Fernandinho
4%
6,5 mln Kolarov
1%
6,5 mln Akinfeev
0%
Nie znaleziono quizów pasujących do podanych kryteriów
Rozkład punktacji
Procent ludzi z każdym wynikiem
Percentyl według liczby udzielonych odpowiedzi
Twoja historia wyników
Nie rozwiązałeś tego quizu